Moto GP champions Since 1997 - Statistics

General Stats
  • This quiz has been taken 517 times
  • The average score is 14 of 51
Answer Stats
Answer % Correct
2009 Moto GP Valentino Rossi
98%
2013 Moto GP Marc Marquez
90%
2012 Moto GP Jorge Lorenzo
79%
2011 Moto GP Casey Stoner
71%
2005 250cc Dani Pedrosa
56%
2006 Moto GP Nicky Hayden
53%
1997 250cc Max Biaggi
39%
2008 Moto GP Valentino Rossi
35%
2005 Moto GP Valentino Rossi
35%
2004 Moto GP Valentino Rossi
35%
2003 Moto GP Valentino Rossi
35%
2002 Moto GP Valentino Rossi
35%
2001 500cc Valentino Rossi
35%
1999 250cc Valentino Rossi
35%
1997 125cc Valentino Rossi
35%
2009 125cc Julian Simon
31%
2008 250cc Marco Simoncelli
30%
1998 500cc Michael Doohan
30%
2007 Moto GP Casey Stoner
29%
1998 250cc Loris Capirossi
29%
2012 Moto 2 Marc Marquez
29%
2010 125cc Marc Marquez
29%
2010 Moto GP Jorge Lorenzo
28%
2007 250cc Jorge Lorenzo
28%
2006 250cc Jorge Lorenzo
28%
2004 125cc Andrea Dovizioso
26%
2000 500cc Kenny Roberts JR
24%
1999 500cc Alex Criville
22%
2013 Moto 3 Maverick Vinales
22%
2013 Moto 2 Pol Espargaro
22%
2006 125cc Alvaro Bautista
19%
2004 250cc Dani Pedrosa
19%
2003 125cc Dani Pedrosa
19%
2011 Moto 2 Stefan Bradl
17%
2010 Moto 2 Toni Elias
17%
2002 250cc Marco Melandri
16%
2005 125cc Thomas Luthi
12%
2001 250cc Daijiro Kato
10%
2011 125cc Nicolas Terol
9%
2012 Moto 3 Sandro Cortese
9%
1997 500cc Michael Doohan
8%
2009 250cc Hiroshi Aoyama
7%
2003 250cc Manuel Poggiali
7%
2008 125cc Mike Di Meglio
7%
2007 125cc Gabor Talmacsi
6%
2000 250cc Olivier Jacque
6%
2002 125cc Arnaud Vincent
4%
2000 125cc Roberto Locatelli
4%
2001 125cc Manuel Poggiali
2%
1999 125cc Emilio Alzamoro
1%
1998 125cc Kazuto Sakata
1%
No matching quizzes found
Score Distribution
Percent of People with Each Score
Percentile by Number Answered
Your Score History
You have not taken this quiz